00905nam a2200241Ia 4500003000400000005001700004008004100021020001500062040001800077041000800095082002400103100002300127245005700150250001200207260005000219300002900269650005900298650004400357650003600401942002800437999001900465952017900484OSt20240802104435.0210716s2003 xx 000 0 und d a8178840324 cAIMIT LIBRARY aeng a005.13311 21bJAIV aJain, V K.9174872 aObject oriented programming with c++ /cBy V K Jain. a1st ed. aNew Delhi :bCyber Tech Publications ,c2003. aviii,766p. ;bPBc23 cm. aOperators expressions and assignment statement9174873 aDerived classes and inheritence9174874 aMigrating from c to c++9174875 2ddccBKk005.13311 JAIV c186874d186874 00102ddc40708MCAaAIMITbAIMITeIntel Book Distributorsg250.00iBill no:962; Bill dt:2004-11-27l0o005.13311 JAIVpMCA06382r2025-07-21 00:00:00v200.00w2021-07-16yBK